000 00390nam a2200169Ia 4500
001 10569
005 20260306161842.0
008 260306t9999||||xx |||||||||||||| ||spa||
041 _aESP
082 _a940.3
_bK41
100 _aKennedy, J. M.
_eAUT
245 0 _aCausas de la guerra
300 _a263 páginas :
_c19 cm.
650 _aGEN
654 _aCHU
942 _cLIB
_dJUS
_fJUS
_2ddc
_n
999 _c10569
_d10569